| 000 | 00735cam a2200229 4500 | ||
|---|---|---|---|
| 008 | 090401t1992 xxu||||| |||| 00| 0 eng d | ||
| 020 | _a007065476X | ||
| 035 | _a(Sirsi) u18812 | ||
| 041 | _aeng | ||
| 050 | _a658.562 | ||
| 100 | _aTunks, Roger | ||
| 245 | _aFast track to quality: a 12-month program for small to mid-sized businesses | ||
| 260 |
_aNew York _bMcGraw-Hill Inc. _c1992 |
||
| 300 | _axii, 292p. ; 24cm. | ||
| 350 | _a25.95 | ||
| 520 | _aA step-by-step guide to setting up a high-impact total quality management program at your company. | ||
| 650 | _aQUALITY ASSURANCE | ||
| 650 | _aQUALITY MANAGEMENT | ||
| 690 | _aMANAGEMENT-BUSINESS MANAGEMENT-PROFESSIONAL PRACTICE | ||
| 942 | _n0 | ||
| 948 | _c04/03/1997 | ||
| 999 |
_c87625 _d87625 |
||